|
|
|
|
| LEADER |
00000nnm a2200000 i 4500 |
| 001 |
dolg22897 |
| 005 |
20200218123222.0 |
| 008 |
191113suuuu hu o 000 hun d |
| 040 |
|
|
|a BGE Dolgozattár Repozitórium
|b hun
|
| 041 |
|
|
|a hu
|
| 100 |
1 |
|
|a Szelenge Anand Bertalan
|
| 245 |
1 |
0 |
|a Haris Park. Egy rendezvényközpont elemzése, és egy rendezvény megvalósítása
|c Szelenge Anand Bertalan
|h [elektronikus dokumentum]
|
| 246 |
1 |
1 |
|a Haris Park Egy rendezvényközpont elemzése, és egy rendezvény megvalósítása
|
| 516 |
|
|
|a Project_work
|
| 695 |
|
|
|a Rendezvényház
|
| 695 |
|
|
|a Rendezvény
|
| 700 |
1 |
|
|a Fábián Tamás
|e ths
|
| 856 |
4 |
0 |
|u http://dolgozattar.uni-bge.hu/22897/1/Szelenge%20Anand%20Bertalan_EO1NOA_TVTUR.pdf
|z Dokumentum-elérés
|